000 01974cam a22004694i 4500
003 PE-LiUPU
005 20250731184602.0
008 150616s r 000 0 d
035 _a(Sirsi) a5295
040 _aPE-LiUPU
_bspa
_cPE-LiUPU
_erda
049 _aPRUA
082 0 4 _a948
_bG75
_221
100 1 _aGraf Oxenstierna, Eric,
_eautor.
245 1 4 _aLos vikingos.
264 1 _aBarcelona :
_bLuis de Caralt, Editor,
_c1966.
300 _a334 páginas :
_bilustraciones láms. dibjs. ;
_c22 cm.
336 _atext
_2rdacontent
337 _aunmediated
_2rdamedia
338 _avolume
_2rdacarrier
504 _aIncluye bibliografía.
505 0 _aLos vikingos, ¿héroes o bandidos? -- Se desea socio comercial -- Fundación de ciudades y primeros ataques -- Los argonautas de las grandes travesías -- ¿Han fundado acaso los suecos el imperio Ruso? -- Lo que los vikingos trajeron a la patria del este lejano -- Nosotros no tenemos señor: somos iguales todos -- Las naves reales -- Y los hombres se hacían lenguas de lo hermosa que es la mujer -- Las fiestas de los vikingos -- Donde comienza la historia escrita -- Nuevas tierras. Nuevos continentes -- De Nueva York a Bagdad -- La herencia de los vikingos.
526 _aP136
526 _aP135
526 _aP134
526 _aP133
526 _aP144
526 _aP143
526 _aP87
526 _aP35
526 _aP20
526 _aP14
526 _aP10
526 _aP06
650 0 4 _aVIKINGOS.
910 _ajck
_bjvq
_cjck
942 _2ddc
_cBOOK
949 _a948 G75
_wDEWEY
_c1
_i07536
_lCCODEBUL1
_mBUL
_p00.00
_r0
_sY
_tBOOK
_u2015-04-23
_xEDUCACION
_PP20
_0COMPRA
_o.STAFF. Colección General
994 _aC0
_bPEPRU
596 _a1
999 _a948 G75
_wDEWEY
_c55613
_i07536
_f2021-11-8
_g5
_lCCODEBUL1
_mBUL
_r0
_sY
_tBOOK
_u2015-4-23
_xBIBLIOTECA
_PP20
_0COMPRA
_o.STAFF. Colección General
_d55613
980 _81
_gALBERTO SANCHEZ Responsable de Automatización